00901cam a2200241 a 45000010008000000030004000080050017000120080041000290100017000700200051000870400018001380500022001560820017001781000021001952450064002162600034002803000034003144400039003485040066003876500027004538560089004808560090005693035396OSt20150408114147.0951002s1996 nyua b 001 0 eng  a 95044877  a0387946144 (New York : hardcover : alk. paper) aDLCcDLCdDLC00aQA300b.B727 199600a515220bBAM1 aBrowder, Andrew.10aMathematical analysis :ban introduction /cAndrew Browder. aNew York :bSpringer,cc1996. axiv, 333 p. :bill. ;c24 cm. 0aUndergraduate texts in mathematics aIncludes bibliographical references (p. [323]-324) and index. 0aMathematical analysis.423Publisher descriptionuhttp://www.loc.gov/catdir/enhancements/fy0815/95044877-d.html413Table of contents onlyuhttp://www.loc.gov/catdir/enhancements/fy0815/95044877-t.html